LIBRARY & INFORMATION CENTRE, KCAET, TAVANUR

ONLINE PUBLIC ACCESS CATALOGUE (OPAC)

Assessement of run-off and erosion using GIS (Record no. 14069)

MARC details
000 -LEADER
fixed length control field 00415nam a22001337a 4500
082 ## - DEWEY DECIMAL CLASSIFICATION NUMBER
Classification number 631.7
Item number ARU/AS
100 ## - MAIN ENTRY--AUTHOR NAME
Personal name Arun Jose
245 ## - TITLE STATEMENT
Title Assessement of run-off and erosion using GIS
260 ## - PUBLICATION, DISTRIBUTION, ETC. (IMPRINT)
Place of publication Tavanur
Name of publisher Department of LWRCE
Year of publication 2007
700 ## - ADDED ENTRY--PERSONAL NAME
Personal name Renjith Thomas
700 ## - ADDED ENTRY--PERSONAL NAME
Personal name Sathian K.K (Guide)
856 ## - ELECTRONIC LOCATION AND ACCESS
Uniform Resource Identifier https://drive.google.com/file/d/0B8K9-c_S7d7WNW83b1pSOXZLcHM/edit?usp=sharing
942 ## - ADDED ENTRY ELEMENTS (KOHA)
Koha item type Project Report
Holdings
Collection code Home library Current library Shelving location Full call number Accession Number Koha item type
Reference KAUAET KAUAET Reference 631.7 ARU/AS P175 Project Report
free website counter